000 00806nam a2200253Ia 4500
003 OSt
005 20220925225919.0
006 a|||||r|||| 00| 0
007 ta
008 220923b |||||||| |||| 00| 0 eng d
020 _a9780415415774
_c2065.3200000000002
037 _b525/PBD/07-08, 14/12/2007, PIONEER BOOK DISTRIBUTORS
_cGeneral Book
040 _aRTL
_cRTL
_beng
041 _2eng
_aeng
082 _aX64, P7
100 _aTan Willie
_9292998
245 0 _aPrinciples of project and infrastructure finance
260 _aLondon
_bTaylor & Francis
_c2007
300 _axii, 280p
_ccm.
500 _aBibliography P271-77
650 _aCommerce
942 _hX64, P7
_cGB
_2CC
999 _c584388
_d584388